000 00531cam a22001932 4500
001 0000001277
005 20170406113316.0
008 131212s xx 000 0 eng d
020 _c$
040 _aYour Holding Symbol
_cYour Holding Symbol
100 1 _aNutting,Anthony.
245 1 0 _aGordon :
_bmartyr and misfit.
250 _a ed.
260 _alondon :
_bThe print society,
_c1966.
300 _a286 p. ;
_c cm.
650 0 _agrest britain.
908 _a131212
999 _c1194
_d1194